| 000 | 00824nam a2200253Ia 4500 | ||
|---|---|---|---|
| 003 | OSt | ||
| 005 | 20220923211858.0 | ||
| 006 | a|||||r|||| 00| 0 | ||
| 007 | ta | ||
| 008 | 220922b |||||||| |||| 00| 0 hin d | ||
| 024 | _a63,296 | ||
| 037 | _cTextual | ||
| 040 |
_aARTS _cARTS _bhin |
||
| 041 |
_2hin _ahin |
||
| 082 | _aQ22:224, 152M0 | ||
| 100 | _aवार्मा, रामचन्द्र, संपा. | ||
| 245 | 0 | _aनारद पुराण | |
| 246 | _aNārad purāṇa | ||
| 260 |
_aदिल्ली _b धर्मग्रन्थ प्रकाशन _c1980 |
||
| 300 |
_a157पृ. _ccm. |
||
| 650 | _aहिन्दू धर्म | ||
| 942 |
_hQ22:224, 152M0 _cTEXL _2CC |
||
| 999 |
_c304320 _d304320 |
||